Go for Chile student book 1: 1er. año de enseñanza media

Uloženo v:
Podrobná bibliografie
Hlavní autoři: Elsworth, Steve (Autor), Rose, Jim (Autor)
Médium: Kniha
Jazyk:angličtina
Vydáno: Essex Addison-Wesley 1999
Témata:
Tagy: Přidat tag
Žádné tagy, Buďte první, kdo vytvoří štítek k tomuto záznamu!

MARC

LEADER 00000nam a2200000 a 4500
001 UCP4872
003 CL-VaPUC
008 990821e19990000UK |||||||||||||||||eng|d
082 0 4 |a 372.65  |b ELS  |2 21 
100 0 |a Elsworth, Steve  |e author  |9 432825 
700 0 |a Rose, Jim  |e author  |9 432826 
245 1 0 |a Go for Chile student book 1: 1er. año de enseñanza media 
300 |a 112 p 
942 |c BK 
945 |d 19990821 00:00:00  |a rbrito 
260 |a Essex  |b Addison-Wesley  |c 1999 
500 |a Incluye cassette 
650 0 |a Enseñanza del inglés  |9 367340 
650 0 |a Enseñanza de idiomas  |9 339820 
650 0 |a Comprensión   |9 339377 
583 |a last modification  |c 20130419 10:20:03  |k Rodrigo Vera 
999 |c 282766  |d 282764 
952 |0 0  |1 0  |4 0  |6 372_650000000000000_ELS_1999  |7 0  |8 P  |9 325141  |a BIBEDU  |b BIBEDU  |c BIBEDU_PB  |d 2019-11-20  |i 3550346  |o 372.65 ELS 1999  |p 3550346  |r 2024-01-25  |w 2019-11-20  |y BK  |k EPE 
952 |0 0  |1 0  |4 0  |6 372_650000000000000_ELS_1999  |7 0  |8 P  |9 325142  |a BIBEDU  |b BIBEDU  |c BIBEDU_PB  |d 2019-11-20  |i 3550354  |o 372.65 ELS 1999  |p 3550354  |r 2024-01-25  |w 2019-11-20  |y BK  |k EPE 
952 |0 0  |1 0  |4 0  |6 372_650000000000000_ELS_1999  |7 0  |8 P  |9 325143  |a BIBEDU  |b BIBEDU  |d 2019-11-20  |i 3550362  |o 372.65 ELS 1999  |p 3550362  |r 2019-11-20  |w 2019-11-20  |y BK  |k EPE